[Event "CAN-ch University"]
[Site "Ottawa CAN"]
[Date "2018.01.13"]
[Round "1"]
[White "Yao, Houji"]
[Black "Nah, James"]
[Result "1-0"]
[WhiteElo "2096"]
[BlackElo "1595"]
[PlyCount "117"]
[EventDate "2018.01.13"]
[EventType "team"]
[EventRounds "5"]
[EventCountry "CAN"]

1. e4 d5 2. exd5 Qxd5 3. Nc3 Qe5+ 4. Be2 c6 5. d4 Qc7 6. Nf3 Nf6 7. O-O Bg4 8.
Ne5 Bxe2 9. Qxe2 e6 10. Bg5 Nbd7 11. f4 h6 12. Bh4 Be7 13. f5 exf5 14. Nc4 g5
15. Rae1 O-O-O 16. Qxe7 gxh4 17. Qd6 Rhg8 18. Rxf5 Rg6 19. Qxc7+ Kxc7 20. Ne5
Nxe5 21. dxe5 Rd2 22. Rxf6 Rgxg2+ 23. Kf1 Rxh2 24. Rxf7+ Kd8 25. Rg7 h3 26. e6
Rdg2 27. Rxg2 hxg2+ 28. Kf2 Rh1 29. Rg1 Ke7 30. Kxg2 Rxg1+ 31. Kxg1 Kxe6 32.
Kf2 Ke5 33. Kf3 b5 34. Ne2 c5 35. Ke3 a5 36. c3 h5 37. Nf4 b4 38. cxb4 axb4 39.
Nxh5 Kd5 40. Nf4+ Kc4 41. Ke4 Kb5 42. Kd3 Kc6 43. Kc4 Kb6 44. Nd3 b3 45. a3 Ka5
46. Nxc5 Kb6 47. Nxb3 Ka6 48. Nc5+ Ka5 49. b4+ Kb6 50. a4 Ka7 51. a5 Ka8 52. b5
Ka7 53. Kd5 Ka8 54. Kd6 Kb8 55. a6 Ka7 56. Kc6 Ka8 57. Kc7 Ka7 58. b6+ Ka8 59.
b7+ 1-0

[Event "CAN-ch University"]
[Site "Ottawa CAN"]
[Date "2018.01.13"]
[Round "2"]
[White "Barlow Wilkes, Curtis"]
[Black "Yao, Houji"]
[Result "1/2-1/2"]
[WhiteElo "1981"]
[BlackElo "2096"]
[PlyCount "112"]
[EventDate "2018.01.13"]
[EventType "team"]
[EventRounds "5"]
[EventCountry "CAN"]

1. d4 Nf6 2. Nf3 g6 3. g3 Bg7 4. Bg2 O-O 5. O-O d5 6. c4 c6 7. Nc3 dxc4 8. Ne5
Be6 9. e3 Nbd7 10. f4 Qa5 11. Qe2 Nxe5 12. fxe5 Nd5 13. Bd2 Qb6 14. Na4 Qc7 15.
Nc5 Qc8 16. Nxe6 Qxe6 17. Qxc4 Bh6 18. e4 Bxd2 19. exd5 cxd5 20. Bxd5 Qg4 21.
Rxf7 Rxf7 22. Rf1 Raf8 23. Rxf7 Rxf7 24. Bxf7+ Kg7 25. Bd5 Be3+ 26. Kg2 Bxd4
27. h3 Qd1 28. Qf1 Qd2+ 29. Kh1 Bf2 30. Bc4 Qxb2 31. e6 Qd2 32. Kg2 Bd4+ 33.
Qe2 Qc1 34. Qf1 Qc2+ 35. Qe2 Qb1 36. Qf1 Qb2+ 37. Qe2 Qb4 38. Qd3 Qc5 39. Qf1
Qc6+ 40. Kh2 Bf6 41. Qd3 a6 42. h4 b5 43. Bd5 Qd6 44. Kh3 Qe5 45. Qe4 Qb2 46.
Qf3 Qd2 47. Qg2 Qd4 48. Qe4 Qc5 49. Qf3 a5 50. h5 a4 51. hxg6 hxg6 52. Be4 Qc1
53. Qf4 Qxf4 54. gxf4 b4 55. Bc2 a3 56. Kg4 Bc3 1/2-1/2

[Event "CAN-ch University"]
[Site "Ottawa CAN"]
[Date "2018.01.13"]
[Round "2"]
[White "Bassel, Charaf"]
[Black "Adriaanse, Adam"]
[Result "1-0"]
[WhiteElo "2201"]
[BlackElo "2088"]
[PlyCount "53"]
[EventDate "2018.01.13"]
[EventType "team"]
[EventRounds "5"]
[EventCountry "CAN"]

1. b3 e5 2. Bb2 Nc6 3. e3 d5 4. Bb5 Bd6 5. f4 Qh4+ 6. g3 Qe7 7. Nf3 Bg4 8. fxe5
Bxf3 9. exd6 Qe4 10. Nc3 Qg4 11. Be2 Bxe2 12. Qxe2 Qg6 13. Nxd5 O-O-O 14. Nf4
Qe4 15. O-O-O Nf6 16. d3 Qb4 17. dxc7 Kxc7 18. c4 Kb8 19. Bxf6 gxf6 20. Nd5 Qa5
21. Kb1 Rhe8 22. Rhf1 Rxd5 23. cxd5 Nb4 24. Qd2 Rxe3 25. Rfe1 Rxd3 26. Qf4+ Kc8
27. Rc1+ 1-0

[Event "CAN-ch University"]
[Site "Ottawa CAN"]
[Date "2018.01.13"]
[Round "2"]
[White "Caen, Andy"]
[Black "Bao, Tony"]
[Result "1-0"]
[WhiteElo "2113"]
[BlackElo "2047"]
[PlyCount "79"]
[EventDate "2018.01.13"]
[EventType "team"]
[EventRounds "5"]
[EventCountry "CAN"]

1. e4 c5 2. Nf3 d6 3. d4 cxd4 4. Nxd4 Nf6 5. Nc3 a6 6. f3 e6 7. Be3 Qc7 8. Qd2
Nbd7 9. O-O-O Be7 10. g4 Ne5 11. h4 b5 12. g5 Nfd7 13. a3 Bb7 14. h5 Nb6 15.
Qf2 Nec4 16. Bxc4 Nxc4 17. g6 Bf6 18. f4 Rc8 19. gxf7+ Kxf7 20. Rd3 Qa5 21. f5
b4 22. fxe6+ Ke8 23. Nb3 Qc7 24. axb4 Nxb2 25. Kxb2 Bxc3+ 26. Kb1 Rf8 27. Qg2
Be5 28. Rc1 Qc4 29. Bd4 Qxe6 30. Rcd1 Rf4 31. Bxe5 Qxe5 32. Qh3 Rc6 33. Na5
Rxc2 34. Kxc2 Rf2+ 35. R1d2 Rxd2+ 36. Kxd2 Qb2+ 37. Ke3 Qc1+ 38. Ke2 Qc2+ 39.
Rd2 Qc7 40. Qe6+ 1-0

[Event "CAN-ch University"]
[Site "Ottawa CAN"]
[Date "2018.01.14"]
[Round "2"]
[White "Dagan, Alfred"]
[Black "Cormier, Adam"]
[Result "0-1"]
[WhiteElo "1922"]
[BlackElo "2132"]
[PlyCount "71"]
[EventDate "2018.01.13"]
[EventType "team"]
[EventRounds "5"]
[EventCountry "CAN"]

1. Nf3 c5 2. g3 g6 3. c4 Bg7 4. Bg2 Nc6 5. O-O e6 6. Nc3 Nge7 7. d3 d5 8. cxd5
exd5 9. a3 O-O 10. Rb1 b5 11. Bf4 h6 12. h4 Bg4 13. Nh2 Be6 14. e4 Nd4 15. Ng4
Kh7 16. f3 Nec6 17. exd5 Bxd5 18. Nxd5 Qxd5 19. Bxh6 f5 20. Bxg7 Kxg7 21. f4
Qd6 22. Ne5 Rad8 23. Nxc6 Nxc6 24. Bxc6 Qxc6 25. Qf3 Qd6 26. Rbd1 Rfe8 27. h5
Qd4+ 28. Qf2 gxh5 29. Qxd4+ Rxd4 30. Rf3 Re2 31. b4 cxb4 32. axb4 Rxb4 33. d4
Rbb2 34. Ra1 Rg2+ 35. Kf1 Ra2 36. Rc1 0-1

[Event "CAN-ch University"]
[Site "Ottawa CAN"]
[Date "2018.01.13"]
[Round "2"]
[White "Gibson, Kevin"]
[Black "D'Souza, Justin"]
[Result "1-0"]
[WhiteElo "2164"]
[BlackElo "1902"]
[PlyCount "49"]
[EventDate "2018.01.13"]
[EventType "team"]
[EventRounds "5"]
[EventCountry "CAN"]

1. d4 Nf6 2. Nf3 e6 3. g3 d5 4. Bg2 Be7 5. O-O b6 6. c4 O-O 7. Nc3 Bb7 8. Ne5
Nbd7 9. f4 c5 10. e3 a6 11. f5 Qc7 12. fxe6 fxe6 13. cxd5 Nxe5 14. dxe5 Nxd5
15. Nxd5 Bxd5 16. Bxd5 exd5 17. Qxd5+ Kh8 18. Bd2 Rxf1+ 19. Rxf1 Rd8 20. Qf3
Qxe5 21. Bc3 Qe6 22. Qf7 Qxe3+ 23. Kg2 Qg5 24. Rf5 Qg6 25. Qxe7 1-0

[Event "CAN-ch University"]
[Site "Ottawa CAN"]
[Date "2018.01.13"]
[Round "2"]
[White "Knox, Christopher"]
[Black "Voloaca, Mihnea"]
[Result "0-1"]
[WhiteElo "2345"]
[BlackElo "2337"]
[PlyCount "96"]
[EventDate "2018.01.13"]
[EventType "team"]
[EventRounds "5"]
[EventCountry "CAN"]

1. d4 g6 2. c4 Bg7 3. Nc3 c5 4. d5 Nf6 5. e4 O-O 6. Bd3 d6 7. Nge2 Na6 8. O-O
Nc7 9. Ng3 a6 10. a4 b6 11. Bg5 Rb8 12. f4 Ng4 13. Qd2 b5 14. axb5 axb5 15.
cxb5 Bd7 16. h3 Nf6 17. e5 Nfe8 18. Qe2 f6 19. e6 fxg5 20. exd7 Nf6 21. f5 c4
22. Bxc4 Nxd7 23. fxg6 hxg6 24. Nge4 Bd4+ 25. Kh1 Bf6 26. Qe3 Ne5 27. Be2 Nf7
28. Rf2 Kg7 29. Raf1 Ne8 30. Bg4 Qb6 31. Qd2 Ne5 32. Nxg5 Bxg5 33. Qe2 Rxf2 34.
Rxf2 Qe3 35. Qf1 Nxg4 36. Rf7+ Kh6 37. hxg4 Qg3 38. Qf3 Qe1+ 39. Kh2 Qe5+ 40.
Kh1 Qe1+ 41. Kh2 Nf6 42. g3 Qd2+ 43. Kg1 Qe3+ 44. Kg2 Qxf3+ 45. Kxf3 Nd7 46.
Ke4 Bf6 47. g5+ Kxg5 48. Rh7 Bxc3 0-1

[Event "CAN-ch University"]
[Site "Ottawa CAN"]
[Date "2018.01.13"]
[Round "2"]
[White "Ma, Indy"]
[Black "Miller, Rachel"]
[Result "0-1"]
[WhiteElo "1743"]
[BlackElo "2164"]
[PlyCount "116"]
[EventDate "2018.01.13"]
[EventType "team"]
[EventRounds "5"]
[EventCountry "CAN"]

1. d4 Nf6 2. c4 c5 3. d5 b5 4. cxb5 a6 5. bxa6 g6 6. Nc3 Bxa6 7. Nf3 Bg7 8. g3
d6 9. Bg2 Nbd7 10. Bd2 O-O 11. O-O Nb6 12. Re1 Rb8 13. b3 Nfxd5 14. Nxd5 Nxd5
15. Rc1 Qb6 16. e4 Nb4 17. Bxb4 Qxb4 18. e5 Rfd8 19. exd6 exd6 20. Ng5 Bf6 21.
h4 h6 22. Ne4 Bd4 23. h5 d5 24. hxg6 dxe4 25. gxf7+ Kh8 26. Qh5 Qd2 27. Red1
Bxf2+ 28. Kh2 Qg5 29. Qxg5 hxg5 30. Bxe4 Kg7 31. Kg2 Rxd1 32. Rxd1 Bd4 33. Rh1
Kxf7 34. Rh7+ Bg7 35. Kf3 Bb7 36. g4 Bxe4+ 37. Kxe4 Kg6 38. Rh2 Rb4+ 39. Kd5
Bf8 40. Rg2 Rd4+ 41. Kc6 c4 42. bxc4 Rxc4+ 43. Kd5 Ra4 44. Ke6 Bc5 45. Kd5 Be3
46. Ke5 Bf4+ 47. Ke6 Ra3 48. Rc2 Rg3 49. Rc8 Rxg4 50. Rg8+ Kh7 51. Kf7 Be5 52.
Re8 Rf4+ 53. Ke6 Bc3 54. Kd5 g4 55. Re7+ Kg6 56. Re6+ Kf5 57. Re8 g3 58. Re3 g2
0-1

[Event "CAN-ch University"]
[Site "Ottawa CAN"]
[Date "2018.01.13"]
[Round "2"]
[White "Nah, James"]
[Black "Adamo, Brendan"]
[Result "1/2-1/2"]
[WhiteElo "1595"]
[BlackElo "1784"]
[PlyCount "89"]
[EventDate "2018.01.13"]
[EventType "team"]
[EventRounds "5"]
[EventCountry "CAN"]

1. d4 Nf6 2. Bf4 g6 3. Nc3 Bg7 4. e4 d6 5. Qd2 Nc6 6. O-O-O h6 7. h4 Nh5 8. Be3
e5 9. dxe5 Nxe5 10. Be2 Nf6 11. f3 Be6 12. g4 a6 13. Nh3 Qd7 14. Nf4 Bc4 15. g5
Ng8 16. Nfd5 h5 17. Bd4 Bxe2 18. Qxe2 Rh7 19. f4 Ng4 20. Bxg7 Rxg7 21. e5 Kf8
22. exd6 Re8 23. Qf3 cxd6 24. Ne4 Qc6 25. Rhe1 b5 26. Qa3 Re6 27. Nb4 Qc4 28.
Nxd6 Rxe1 29. Rxe1 Qxf4+ 30. Kb1 Qxd6 31. Qc3 Ne7 32. Nd3 Kg8 33. Nc5 Kh7 34.
Ne4 Qd8 35. Nf6+ Kh8 36. Qc5 Ng8 37. Ne8 Qd2 38. Rc1 Rh7 39. Qf8 Qe3 40. Rf1
Qe7 41. Qxe7 Nxe7 42. Re1 Nd5 43. Rd1 Nge3 44. Rd4 f6 45. gxf6 1/2-1/2

[Event "CAN-ch University"]
[Site "Ottawa CAN"]
[Date "2018.01.13"]
[Round "2"]
[White "Qian, Lanting"]
[Black "Song, Michael"]
[Result "0-1"]
[WhiteElo "1890"]
[BlackElo "2558"]
[PlyCount "92"]
[EventDate "2018.01.13"]
[EventType "team"]
[EventRounds "5"]
[EventCountry "CAN"]

1. d4 Nf6 2. Nf3 c5 3. e3 e6 4. Bd3 d5 5. b3 Nc6 6. Bb2 Bd6 7. Ne5 O-O 8. a3
Ne7 9. O-O b6 10. Nd2 Bb7 11. Qf3 Qc7 12. Qh3 Ng6 13. Ndf3 Bxe5 14. Nxe5 Ne4
15. f3 Nd6 16. Qg3 Rac8 17. dxc5 bxc5 18. h4 c4 19. Bxg6 hxg6 20. h5 c3 21. Bc1
Nf5 22. Qh2 gxh5 23. Nd3 Qxh2+ 24. Kxh2 f6 25. Nf4 Kf7 26. Kg1 Ng3 27. Re1 e5
28. Ne2 Nf5 29. Kf2 Rfd8 30. a4 Ba6 31. Ng3 Kg6 32. Nxf5 Kxf5 33. Ba3 d4 34.
Rad1 d3 35. cxd3 Rxd3 36. Rxd3 Bxd3 37. e4+ Kg6 38. Ke3 Bc2 39. Rc1 Bxb3 40.
Kd3 Bxa4 41. Rxc3 Bb5+ 42. Kd2 Rxc3 43. Kxc3 Bf1 44. g4 h4 45. Bc5 h3 46. Bg1
Be2 0-1

[Event "CAN-ch University"]
[Site "Ottawa CAN"]
[Date "2018.01.13"]
[Round "2"]
[White "Qin, Zi Yi (Joey)"]
[Black "Nakagawa, Seiji"]
[Result "1-0"]
[WhiteElo "2502"]
[BlackElo "1786"]
[PlyCount "51"]
[EventDate "2018.01.13"]
[EventType "team"]
[EventRounds "5"]
[EventCountry "CAN"]

1. e4 c5 2. Ne2 g6 3. g3 Bg7 4. Bg2 Nc6 5. c3 Nf6 6. d4 cxd4 7. cxd4 O-O 8.
Nbc3 d6 9. h3 Qb6 10. O-O e6 11. b3 Rd8 12. Be3 d5 13. e5 Nd7 14. Qd2 a5 15. f4
Qa6 16. g4 b5 17. f5 exf5 18. Nxd5 Ra7 19. Rac1 Ndb8 20. gxf5 Bxf5 21. Bh6 Ne7
22. Bxg7 Kxg7 23. Qg5 h6 24. Qf6+ Kf8 25. Nxe7 Rxe7 26. Qh8# 1-0

[Event "CAN-ch University"]
[Site "Ottawa CAN"]
[Date "2018.01.13"]
[Round "2"]
[White "Song, Terry"]
[Black "Qian, Owen"]
[Result "0-1"]
[WhiteElo "2307"]
[BlackElo "2105"]
[PlyCount "76"]
[EventDate "2018.01.13"]
[EventType "team"]
[EventRounds "5"]
[EventCountry "CAN"]

1. e4 e5 2. Nf3 Nc6 3. Bc4 Bc5 4. c3 Nf6 5. d3 a6 6. Bb3 d6 7. h3 h6 8. Nbd2
O-O 9. Nf1 d5 10. Qe2 Be6 11. Ng3 Ba7 12. O-O Re8 13. Bc2 d4 14. Nh4 Ne7 15.
Qf3 Nh7 16. Nhf5 Nxf5 17. Nxf5 Qf6 18. Bb3 Rad8 19. g4 c6 20. Kg2 Ng5 21. Qg3
Bxb3 22. axb3 dxc3 23. bxc3 Ne6 24. d4 Bb8 25. d5 cxd5 26. exd5 Rxd5 27. Kh1 e4
28. Qg2 Qxc3 29. Be3 Nf4 30. Qg3 Nd3 31. Ne7+ Rxe7 32. Qxb8+ Kh7 33. Qf8 Qf6
34. Rad1 Nxf2+ 35. Rxf2 Rxd1+ 36. Kg2 Qe6 37. Qb8 Rd3 38. Qa7 b6 0-1

[Event "CAN-ch University"]
[Site "Ottawa CAN"]
[Date "2018.01.13"]
[Round "2"]
[White "Tang, Leslie"]
[Black "Shi, Diwen"]
[Result "0-1"]
[WhiteElo "1795"]
[BlackElo "2288"]
[PlyCount "50"]
[EventDate "2018.01.13"]
[EventType "team"]
[EventRounds "5"]
[EventCountry "CAN"]

1. e4 c5 2. Nf3 g6 3. Bc4 Nc6 4. c3 Bg7 5. O-O d6 6. d4 cxd4 7. Nxd4 Nf6 8.
Nxc6 bxc6 9. e5 dxe5 10. Qb3 O-O 11. Be3 Qa5 12. Rd1 Ng4 13. Qa3 Qxa3 14. Nxa3
Nxe3 15. fxe3 Bg4 16. Re1 Rad8 17. h3 Bc8 18. Rad1 Rd6 19. Rf1 Bh6 20. Nc2 Bf5
21. Nb4 Bxe3+ 22. Kh1 Rfd8 23. Rde1 Bf4 24. Rxf4 exf4 25. Rxe7 R8d7 0-1

[Event "CAN-ch University"]
[Site "Ottawa CAN"]
[Date "2018.01.13"]
[Round "2"]
[White "Tomb, Maroun"]
[Black "Marinkovic, Mate"]
[Result "1-0"]
[WhiteElo "2290"]
[BlackElo "2243"]
[PlyCount "39"]
[EventDate "2018.01.13"]
[EventType "team"]
[EventRounds "5"]
[EventCountry "CAN"]

1. e4 c5 2. Ne2 Nc6 3. Nbc3 e5 4. Ng3 g6 5. Bc4 d6 6. d3 Bg7 7. f4 Be6 8. f5
Bxc4 9. dxc4 Nd4 10. O-O Nf6 11. Bg5 h6 12. Bxf6 Bxf6 13. Nd5 Bg5 14. c3 Nc6
15. fxg6 fxg6 16. h4 Bxh4 17. Qg4 Bg5 18. Qe6+ Ne7 19. Rf7 Qd7 20. Rxe7+ 1-0

[Event "CAN-ch University"]
[Site "Ottawa CAN"]
[Date "2018.01.13"]
[Round "2"]
[White "Zhang, Jikai"]
[Black "Nasir, Zehn"]
[Result "0-1"]
[WhiteElo "2200"]
[BlackElo "2261"]
[PlyCount "93"]
[EventDate "2018.01.13"]
[EventType "team"]
[EventRounds "5"]
[EventCountry "CAN"]

1. e4 c6 2. d4 d5 3. Nc3 dxe4 4. Nxe4 Bf5 5. Ng3 Bg6 6. h4 h6 7. Nf3 Nd7 8. h5
Bh7 9. Bd3 Bxd3 10. Qxd3 e6 11. Bf4 Qa5+ 12. Bd2 Bb4 13. c3 Be7 14. c4 Qc7 15.
O-O-O Ngf6 16. Ne4 Nxe4 17. Qxe4 Nf6 18. Qe2 O-O-O 19. g3 Rhe8 20. Kb1 Nd7 21.
Rhe1 Bf6 22. Bf4 Qb6 23. Rd3 c5 24. Rb3 Qc6 25. d5 exd5 26. Qxe8 Rxe8 27. Rxe8+
Bd8 28. cxd5 Qxd5 29. Rc3 Nf6 30. Re5 Qd1+ 31. Bc1 b6 32. Ne1 Qd4 33. Re2 Qg4
34. Re5 Bc7 35. f3 Qxg3 36. Re2 Qh3 37. Ra3 a5 38. Re7 Qf5+ 39. Ka1 Nd5 40.
Re8+ Kd7 41. Rg8 Bg3 42. Nd3 c4 43. Rxg7 cxd3 44. Rxg3 Nb4 45. Rc3 Nc2+ 46.
Rxc2 dxc2 47. Rg2 0-1

[Event "CAN-ch University"]
[Site "Ottawa CAN"]
[Date "2018.01.13"]
[Round "3"]
[White "Adriaanse, Adam"]
[Black "Gibson, Kevin"]
[Result "1/2-1/2"]
[WhiteElo "2088"]
[BlackElo "2164"]
[PlyCount "96"]
[EventDate "2018.01.13"]
[EventType "team"]
[EventRounds "5"]
[EventCountry "CAN"]

1. d4 Nf6 2. c4 g6 3. Nc3 Bg7 4. e4 d6 5. Nf3 O-O 6. Be2 e5 7. O-O Na6 8. d5
Nc5 9. Qc2 a5 10. Ne1 Ng4 11. f3 Nh6 12. Nd3 b6 13. Be3 f5 14. a3 fxe4 15. fxe4
Ng4 16. Bxg4 Bxg4 17. b4 Rxf1+ 18. Rxf1 Nxd3 19. Qxd3 axb4 20. axb4 Ra3 21. c5
bxc5 22. bxc5 Qa8 23. c6 Bc8 24. Rb1 Ra1 25. Qd1 Rxb1 26. Qxb1 Bf6 27. h3 Ba6
28. Kh2 Qd8 29. Qb4 Kg7 30. Qa5 Bd3 31. Nb5 Bxb5 32. Qxb5 Bg5 33. Bf2 Qf6 34.
Qe2 h5 35. Kg1 Qf4 36. Qf3 Qc1+ 37. Kh2 Qb2 38. Be3 Bxe3 39. Qxe3 Qb8 40. Qg5
Qf8 41. Kg1 Qf6 42. Qxf6+ Kxf6 43. g3 g5 44. Kf2 Ke7 45. Ke3 Kd8 46. Kd3 Kc8
47. Kc4 Kb8 48. Kb5 Ka8 1/2-1/2

[Event "CAN-ch University"]
[Site "Ottawa CAN"]
[Date "2018.01.13"]
[Round "3"]
[White "Bao, Tony"]
[Black "Qian, Lanting"]
[Result "0-1"]
[WhiteElo "2047"]
[BlackElo "1890"]
[PlyCount "59"]
[EventDate "2018.01.13"]
[EventType "team"]
[EventRounds "5"]
[EventCountry "CAN"]

1. Nf3 d5 2. d4 Nf6 3. c3 Bf5 4. Qb3 Qc8 5. Bf4 e6 6. Nbd2 h6 7. h3 Bd6 8. Bxd6
cxd6 9. e3 O-O 10. Be2 Nc6 11. O-O Qd7 12. a4 Ne4 13. a5 a6 14. c4 dxc4 15.
Nxc4 Rab8 16. Nb6 Qe7 17. Rfc1 d5 18. Qa4 g5 19. Bxa6 g4 20. hxg4 Bxg4 21. Nh2
Qh4 22. Nxg4 f5 23. Nxh6+ Kh7 24. Qc2 Kxh6 25. Bf1 Rh8 26. g3 Rbg8 27. Bg2 Nxg3
28. fxg3 Rxg3 29. Rf1 Kg6 30. Rf2 0-1

[Event "CAN-ch University"]
[Site "Ottawa CAN"]
[Date "2018.01.13"]
[Round "3"]
[White "D'Souza, Justin"]
[Black "Ma, Indy"]
[Result "1-0"]
[WhiteElo "1902"]
[BlackElo "1743"]
[PlyCount "55"]
[EventDate "2018.01.13"]
[EventType "team"]
[EventRounds "5"]
[EventCountry "CAN"]

1. c4 Nf6 2. Nc3 e6 3. e4 Bb4 4. e5 Bxc3 5. bxc3 Ng8 6. Qg4 g6 7. d4 d5 8. h4
h5 9. Qg3 c5 10. Nf3 Qa5 11. Bd2 Nc6 12. Bd3 Nge7 13. O-O Qa6 14. Qf4 Nf5 15.
Bxf5 gxf5 16. cxd5 exd5 17. Ng5 cxd4 18. cxd4 Be6 19. Rab1 b6 20. Rfc1 Kd7 21.
Rc2 Qd3 22. Rbc1 Nxd4 23. Rc7+ Ke8 24. Kh2 Ne2 25. Qb4 Bd7 26. Rxd7 Kxd7 27.
Qd6+ Ke8 28. Rc7 1-0

[Event "CAN-ch University"]
[Site "Ottawa CAN"]
[Date "2018.01.13"]
[Round "3"]
[White "Dunne, Francesco"]
[Black "Bassel, Charaf"]
[Result "1-0"]
[WhiteElo "2210"]
[BlackElo "2201"]
[PlyCount "73"]
[EventDate "2018.01.13"]
[EventType "team"]
[EventRounds "5"]
[EventCountry "CAN"]

1. e4 Nc6 2. Nf3 e5 3. Bc4 Bc5 4. O-O Nf6 5. d3 d6 6. c3 O-O 7. Bb3 Ne7 8. h3
Ng6 9. Re1 c6 10. d4 Bb6 11. Nbd2 Qe7 12. Bc2 Re8 13. Nf1 Nh5 14. Be3 Ngf4 15.
Kh2 h6 16. Ng1 Nf6 17. Bxf4 exf4 18. Qd3 Rd8 19. Ne2 Nh5 20. Rad1 Bc7 21. Nd2
g6 22. Nf3 Qf6 23. c4 Ba5 24. Nc3 a6 25. a3 b5 26. b4 Bb6 27. a4 Be6 28. axb5
axb5 29. c5 dxc5 30. d5 c4 31. Qd2 Ra3 32. e5 Qe7 33. Nd4 Bxd4 34. Qxd4 Qxb4
35. Qb6 Rxc3 36. Qxd8+ Qf8 37. dxe6 1-0

[Event "CAN-ch University"]
[Site "Ottawa CAN"]
[Date "2018.01.14"]
[Round "3"]
[White "Mahoney, Ian"]
[Black "Law, James"]
[Result "1-0"]
[WhiteElo "1774"]
[BlackElo "1398"]
[PlyCount "69"]
[EventDate "2018.01.13"]
[EventType "team"]
[EventRounds "5"]
[EventCountry "CAN"]

1. d4 d5 2. c4 e6 3. Nc3 Nf6 4. Bg5 Be7 5. e3 b6 6. cxd5 exd5 7. Bb5+ c6 8. Bd3
O-O 9. Nge2 h6 10. Bh4 Bb7 11. O-O Nbd7 12. Rc1 c5 13. Qa4 Ne4 14. Bxe7 Qxe7
15. Nf4 Ndf6 16. dxc5 Nxc5 17. Qd4 Nxd3 18. Qxd3 Rfd8 19. Rfd1 Qe5 20. Qd4 Qg5
21. Nb5 Ne4 22. Rc7 Rdb8 23. Nxd5 Bxd5 24. Qxd5 Rd8 25. Qxf7+ Kh8 26. Rdd7 Rf8
27. Qxg7+ Qxg7 28. Rxg7 Rxf2 29. Nd6 Ng5 30. Kxf2 Rf8+ 31. Ke2 Ne6 32. Rh7+ Kg8
33. Rxa7 Rf6 34. Ne4 Rg6 35. g3 1-0

[Event "CAN-ch University"]
[Site "Ottawa CAN"]
[Date "2018.01.14"]
[Round "3"]
[White "Marinkovic, Mate"]
[Black "Song, Terry"]
[Result "1-0"]
[WhiteElo "2243"]
[BlackElo "2307"]
[PlyCount "103"]
[EventDate "2018.01.13"]
[EventType "team"]
[EventRounds "5"]
[EventCountry "CAN"]

1. f4 e5 2. fxe5 d6 3. exd6 Bxd6 4. Nf3 g5 5. g3 g4 6. Nh4 Nc6 7. c3 Nge7 8. d4
Ng6 9. Ng2 Qe7 10. Qd3 h5 11. Nf4 Nxf4 12. Bxf4 Bxf4 13. gxf4 h4 14. d5 Nb8 15.
Nd2 Nd7 16. Ne4 f5 17. Ng5 O-O 18. O-O-O Nf6 19. h3 g3 20. Bg2 Re8 21. Rhe1 Qd6
22. Qd4 Bd7 23. e3 Rad8 24. Ne6 Bxe6 25. Qxf6 Bc8 26. Qxh4 Qg6 27. e4 fxe4 28.
Re3 Kf7 29. Rxg3 Rh8 30. Qxd8 Rxd8 31. Rxg6 Kxg6 32. Bxe4+ Kf6 33. h4 Rh8 34.
Rh1 Bf5 35. Bxf5 Kxf5 36. h5 Kxf4 37. h6 Kg5 38. h7 Kg6 39. Kd2 Rxh7 40. Rxh7
Kxh7 41. Kd3 Kg6 42. Kd4 Kf5 43. b4 Kf4 44. a4 Kf5 45. c4 Kf4 46. a5 Kf5 47. b5
b6 48. axb6 axb6 49. c5 Kf6 50. d6 Ke6 51. dxc7 Kd7 52. cxb6 1-0

[Event "CAN-ch University"]
[Site "Ottawa CAN"]
[Date "2018.01.13"]
[Round "3"]
[White "Nakagawa, Seiji"]
[Black "Gladstone, Simon"]
[Result "0-1"]
[WhiteElo "1786"]
[BlackElo "2164"]
[PlyCount "58"]
[EventDate "2018.01.13"]
[EventType "team"]
[EventRounds "5"]
[EventCountry "CAN"]

1. e4 e6 2. d3 d5 3. Nd2 c5 4. Ngf3 Nc6 5. g3 Bd6 6. Bg2 Nge7 7. O-O O-O 8. Re1
Qc7 9. Qe2 f6 10. c4 d4 11. Nf1 e5 12. h4 Be6 13. N1h2 a6 14. Rf1 b5 15. b3
bxc4 16. bxc4 Rab8 17. h5 Qa5 18. Bd2 Qa3 19. Bc1 Qa4 20. Ne1 Bc7 21. f4 Ba5
22. a3 Bc7 23. f5 Bd7 24. h6 g6 25. fxg6 Nxg6 26. Ng4 Bd8 27. Ra2 Rb1 28. Nc2
Qb3 29. Na1 Bxg4 0-1

[Event "CAN-ch University"]
[Site "Ottawa CAN"]
[Date "2018.01.13"]
[Round "3"]
[White "Qian, Owen"]
[Black "Caen, Andy"]
[Result "0-1"]
[WhiteElo "2105"]
[BlackElo "2113"]
[PlyCount "100"]
[EventDate "2018.01.13"]
[EventType "team"]
[EventRounds "5"]
[EventCountry "CAN"]

1. d4 Nf6 2. c4 e6 3. Nc3 d5 4. cxd5 exd5 5. Bg5 c6 6. e3 Bf5 7. Qf3 Bg6 8.
Bxf6 Qxf6 9. Qxf6 gxf6 10. h4 h5 11. Nh3 Bd6 12. f3 Kd7 13. Kf2 a5 14. Nf4 Bf5
15. Nxh5 Rxh5 16. g4 Rh6 17. gxf5 b5 18. e4 dxe4 19. fxe4 Na6 20. Be2 Nb4 21.
Rad1 Ke7 22. a3 Nc2 23. Kf3 b4 24. Rd2 Ne1+ 25. Kf2 Bf4 26. Kxe1 Bxd2+ 27. Kxd2
bxc3+ 28. bxc3 Rb8 29. Kc2 Rhh8 30. e5 a4 31. Bf3 c5 32. Kd3 cxd4 33. cxd4 Rb3+
34. Ke4 Rxa3 35. h5 Rb3 36. Rc1 Ra8 37. h6 a3 38. h7 Kd7 39. Kd5 fxe5 40. dxe5
Rxf3 41. e6+ Ke7 42. Rc7+ Kf6 43. Rxf7+ Kg5 44. Rg7+ Kh6 45. Rg8 Ra5+ 46. Ke4
Kxh7 47. e7 Re5+ 48. Kxe5 Re3+ 49. Kd6 Kxg8 50. Kd7 Kf7 0-1

[Event "CAN-ch University"]
[Site "Ottawa CAN"]
[Date "2018.01.14"]
[Round "3"]
[White "Song, Michael"]
[Black "Knox, Christopher"]
[Result "0-1"]
[WhiteElo "2558"]
[BlackElo "2345"]
[PlyCount "54"]
[EventDate "2018.01.13"]
[EventType "team"]
[EventRounds "5"]
[EventCountry "CAN"]

1. e4 g6 2. d4 c6 3. Nc3 d5 4. Nf3 Bg4 5. e5 e6 6. Be3 Nd7 7. h3 Bxf3 8. Qxf3
Ne7 9. g4 c5 10. dxc5 Nc6 11. Nb5 Ndxe5 12. Qg3 a6 13. Nd4 Bg7 14. O-O-O Nd7
15. Nb3 Na5 16. h4 Rc8 17. h5 Nxb3+ 18. axb3 Nxc5 19. h6 Bf6 20. f3 Qa5 21. Kb1
Bxb2 22. Kxb2 Na4+ 23. bxa4 Qc3+ 24. Ka2 Qxc2+ 25. Ka3 Rc3+ 26. Kb4 Rb3+ 27.
Ka5 Qc3# 0-1

[Event "CAN-ch University"]
[Site "Ottawa CAN"]
[Date "2018.01.13"]
[Round "3"]
[White "Sprumont, Oscar"]
[Black "Dukic, Zachary"]
[Result "0-1"]
[WhiteElo "2216"]
[BlackElo "2222"]
[PlyCount "150"]
[EventDate "2018.01.13"]
[EventType "team"]
[EventRounds "5"]
[EventCountry "CAN"]

1. Nf3 Nf6 2. c4 g6 3. g3 Bg7 4. Bg2 O-O 5. O-O d6 6. d4 Nc6 7. Nc3 a6 8. Qd3
e5 9. dxe5 dxe5 10. Qxd8 Rxd8 11. Bg5 Re8 12. Nd2 h6 13. Bxf6 Bxf6 14. Nde4 Bd8
15. Nd5 Kg7 16. Rfd1 f5 17. Nec3 Nd4 18. Rd2 c6 19. e3 Ne6 20. Nb4 e4 21. Nc2
Bf6 22. Nd4 Nxd4 23. exd4 Be6 24. d5 Bxc3 25. bxc3 cxd5 26. cxd5 Bd7 27. c4
Rac8 28. Bf1 Rc5 29. a4 Ra5 30. Rb2 Bc8 31. Rb6 Rf8 32. Be2 Rf6 33. Rb4 Kf7 34.
Kf1 Ke7 35. Rab1 g5 36. Ke1 Kd6 37. f3 Kc5 38. Kd2 b6 39. Kc3 Bd7 40. Ra1 b5
41. cxb5 axb5 42. Bxb5 Bxb5 43. Rxb5+ Rxb5 44. axb5 exf3 45. Kd3 Rb6 46. Ke3
Rxb5 47. Kxf3 Rb3+ 48. Kg2 Rb2+ 49. Kg1 Kxd5 50. Re1 f4 51. gxf4 gxf4 52. Re8
Kd4 53. h4 Kd3 54. Re6 Re2 55. Ra6 Ke4 56. Kf1 Kf3 57. Ra3+ Re3 58. Ra2 Rb3 59.
Rf2+ Kg3 60. Rg2+ Kf3 61. Rf2+ Kg3 62. Rg2+ Kxh4 63. Rg6 Kh5 64. Rg8 Rb2 65.
Rg7 Kh4 66. Rg8 h5 67. Rg7 Kh3 68. Rg8 h4 69. Rg7 Kh2 70. Rg4 f3 71. Rg8 h3 72.
Rg7 Rg2 73. Rf7 Kg3 74. Rg7+ Kf4 75. Rf7+ Ke4 0-1